Name the Book of the Bible After (Randomised)... - Statistics

General Stats
  • This quiz has been taken 7 times
  • The average score is 18 of 21
Answer Stats
Hint Answer % Correct
2 Kings 1 Chronicles
100%
Romans 1 Corinthians
100%
1 Chronicles 2 Chronicles
100%
1 Corinthians 2 Corinthians
100%
1 John 2 John
100%
1 Kings 2 Kings
100%
1 Peter 2 Peter
100%
1 Samuel 2 Samuel
100%
1 Thessalonians 2 Thessalonians
100%
1 Timothy 2 Timothy
100%
2 John 3 John
100%
John Acts
100%
Joel Amos
100%
Philippians Colossians
100%
Ezekiel Daniel
100%
Numbers Deuteronomy
100%
Galatians Ephesians
100%
Nehemiah Esther
100%
Genesis Exodus
100%
Lamentations Ezekiel
100%
Song of Solomon Isaiah
100%
Hebrews James
100%
Isaiah Jeremiah
100%
Esther Job
100%
Luke John
100%
Obadiah Jonah
100%
Deuteronomy Joshua
100%
3 John Jude
100%
Exodus Leviticus
100%
Mark Luke
100%
Matthew Mark
100%
Ezra Nehemiah
100%
Amos Obadiah
100%
Titus Philemon
100%
Psalms Proverbs
100%
Job Psalms
100%
Jude Revelations
100%
Acts Romans
100%
Judges Ruth
100%
2 Timothy Titus
100%
Haggai Zechariah
100%
Jonah Micah
80%
James 1 Peter
75%
Colossians 1 Thessalonians
75%
Proverbs Ecclesiastes
75%
Jeremiah Lamentations
75%
Zephaniah Haggai
67%
Daniel Hosea
67%
2 Peter 1 John
50%
2 Chronicles Ezra
50%
Hosea Joel
50%
Ephesians Philippians
50%
Habakkuk Zephaniah
50%
2 Samuel 1 Kings
0%
Ruth 1 Samuel
0%
2 Thessalonians 1 Timothy
0%
2 Corinthians Galatians
0%
Nahum Habakkuk
0%
Philemon Hebrews
0%
Joshua Judges
0%
Zechariah Malachi
0%
Malachi Matthew
0%
Micah Nahum
0%
Leviticus Numbers
0%
Ecclesiastes Song of Solomon
0%
No matching quizzes found
Score Distribution
Percent of People with Each Score
Percentile by Number Answered
Your Score History
You have not taken this quiz